| 000 | 00887cam0a220021700 4500 | ||
|---|---|---|---|
| 001 | qce00828758 | ||
| 005 | 20190813170508.0 | ||
| 008 | 730206c19611952nyu eng u | ||
| 035 | _a(Sirsi) r66196 | ||
| 035 | _a(QCAT)lss00381519 | ||
| 035 | _a(UPRA)qce00828758 | ||
| 040 | _dUPRA | ||
| 100 | 1 |
_aOlmsted, J. M. D. (James Montrose Duncan), 1886-1956. _qOlmsted, J. M. D. (James Montrose Duncan), 1886-1956. _dOlmsted, J. M. D. (James Montrose Duncan), 1886-1956. _6A26632.1 |
|
| 245 | 1 | 0 | _aClaude Bernard and the experimental method in medicine. |
| 260 |
_aNew York : _bCollier Books, _c[1961, c1952] |
||
| 490 | 0 |
_aCollier Books. Men of science library, BS31 _6S4883.1 |
|
| 504 | _a"Bibliographical references": p. 239-245. | ||
| 600 | 1 | 0 |
_aBernard, Claude, 1813-1878. _dBernard, Claude, 1813-1878. _6S19150.1 |
| 949 |
_aR154 _wLC _i-88575 _mMEDICAL _tBOOK _lON-SHELF |
||
| 004 | 66196 | ||
| 999 |
_c41278 _d41278 |
||